Aproximatívny výpočet pravdepodobnosti krachu
Základné fakty pre určenie pravdepodobnosti krachu v nekonečnom časovom horizonte. De Vylderova metóda na odhad pravdepodobnosti krachu. Praktická ukážka použitia jednotlivých metód.
Enregistré dans:
| Auteur principal: | |
|---|---|
| Autres auteurs: | |
| Format: | Chapitre de livre |
| Langue: | slovaque |
| Sujets: | |
| Tags: |
Pas de tags, Soyez le premier à ajouter un tag!
|
MARC
| LEADER | 00000naa$a2200000$$$4500 | ||
|---|---|---|---|
| 001 | 0060501 | ||
| 005 | 20240502071653.2 | ||
| 041 | 0 | |a slo | |
| 044 | |a SK | ||
| 245 | 1 | 0 | |a Aproximatívny výpočet pravdepodobnosti krachu |c Galina Horáková, Vladimír Mucha |
| 520 | |a Základné fakty pre určenie pravdepodobnosti krachu v nekonečnom časovom horizonte. De Vylderova metóda na odhad pravdepodobnosti krachu. Praktická ukážka použitia jednotlivých metód. | ||
| 610 | 2 | 0 | |a modely matematické |
| 610 | 2 | 0 | |a riziko |
| 610 | 2 | 0 | |a škody |
| 610 | 2 | 0 | |a insolventnosť |
| 610 | 2 | 0 | |a poisťovne |
| 610 | 2 | 0 | |a fond poistný |
| 100 | 1 | |a Horáková, Galina | |
| 700 | 1 | |a Mucha, Vladimír, 1976- | |